Obce okresu Havlíčkův Brod - Statistics

General Stats
  • This quiz has been taken 112 times
  • The average score is 26 of 120
Answer Stats
Počet obyvatel Odpověď % Correct
23 746 Havlíčkův Brod
95%
6 452 Světlá nad Sázavou
95%
4 041 Přibyslav
85%
2 787 Golčův Jeníkov
75%
4 832 Ledeč nad Sázavou
75%
9 096 Chotěboř
65%
990 Havlíčkova Borová
65%
718 Pohled
60%
72 Pohleď
60%
1 320 Habry
50%
137 Ždírec
50%
435 Kámen
45%
239 Stříbrné Hory
45%
159 Břevnice
40%
1 608 Krucemburk
40%
1 989 Štoky
40%
3 113 Ždírec nad Doubravou
40%
1 118 Česká Bělá
35%
547 Leština u Světlé
35%
118 Nová Ves u Leštiny
35%
537 Rozsochatec
35%
806 Věž
35%
701 Lipnice nad Sázavou
30%
1 373 Okrouhlice
30%
702 Úsobí
30%
450 Věžnice
30%
432 Dolní Krupá
25%
625 Horní Krupá
25%
136 Jilem
25%
434 Knyk
25%
130 Krátká Ves
25%
159 Kyjov
25%
1 175 Lípa
25%
135 Pavlov
25%
322 Sázavka
25%
797 Šlapanov
25%
353 Číhošť
20%
448 Dlouhá Ves
20%
274 Hradec
20%
243 Hurtova Lhota
20%
279 Kamenná Lhota
20%
194 Kochánov
20%
175 Kojetín
20%
661 Lučice
20%
205 Malčín
20%
221 Michalovice
20%
542 Nová ves u Světlé
20%
378 Oudoleň
20%
146 Radostín
20%
385 Tis
20%
336 Vepříkov
20%
599 Veselý Žďár
20%
982 Vílémov
20%
256 Vysoká
20%
395 Žižkovo Pole
20%
141 Chřenovice
15%
120 Chrtníč
15%
944 Dolní Město
15%
1 193 Herálec
15%
242 Jitkov
15%
858 Kožlí
15%
505 Krásná Hora
15%
117 Kunemil
15%
220 Květinov
15%
858 Libice nad Doubravou
15%
621 Maleč
15%
162 Modlíkov
15%
542 Nová ves u Chotěboře
15%
282 Okrouhlička
15%
368 Olešná
15%
144 Podmoky
15%
298 Sedletín
15%
312 Skuhrov
15%
159 Služátky
15%
50 Úhořilka
15%
260 Vilémovice
15%
173 Víska
15%
51 Vlkanov
15%
118 Bačkov
10%
196 Bartoušov
10%
163 Druhanov
10%
648 Hněvkovice
10%
71 Horní Paseka
10%
274 Jeřišno
10%
109 Kynice
10%
90 Leškovice
10%
90 Nejepín
10%
181 Olešenka
10%
134 Podmoklany
10%
440 Příseka
10%
163 Rušinov
10%
74 Rybníček
10%
95 Skorkov
10%
308 Slavíkov
10%
71 Slavníč
10%
41 Sloupno
10%
726 Sobíňov
10%
161 Trpišovice
10%
521 Uhelná Příbram
10%
221 Bělá
5%
236 Bezděkov
5%
295 Bojiště
5%
76 Boňkov
5%
121 Borek
5%
175 Čachotín
5%
90 Čečkovice
5%
81 Dolní Sokolovec
5%
53 Heřmanice
5%
200 Kouty
5%
237 Kozlov
5%
111 Kraborovice
5%
59 Lány
5%
167 Ovesná Lhota
5%
195 Skryje
5%
124 Slavětín
5%
85 Jedlá
0%
116 Klokočov
0%
165 Ostrov
0%
151 Prosíčka
0%
103 Zvěstovice
0%
No matching quizzes found
Score Distribution
Percent of People with Each Score
Percentile by Number Answered
Your Score History
You have not taken this quiz